[Event "25th Abu Dhabi Master 2018"]
[Site "Abu Dhabi"]
[Date "2018.08.11"]
[Round "5"]
[White "Rapport, Jovana"]
[Black "Navalgund, Niranjan"]
[Result "1-0"]
[WhiteElo "2354"]
[BlackElo "2255"]
[Annotator "NA"]
[PlyCount "129"]
[EventDate "2018.08.05"]
[EventType "swiss"]
[EventCountry "UAE"]
[SourceTitle "playchess.com"]
[Source "ChessBase"]
[SourceQuality "1"]

1. Nf3 Nf6 2. g3 g6 3. Bg2 Bg7 4. O-O O-O 5. d4 d6 6. a4 a5 7. Nc3 d5 8. Bf4 c6 9. Qd2 Bf5 10. Nh4 Be6 11. Bh6 Qc8 12. Rfe1 Rd8 13. Bxg7 Kxg7 14. e4 dxe4 15. Nxe4 Bd5 16. Nxf6 exf6 17. Bf1 Nd7 18. c4 Be6 19. Qc3 Nb6 20. b3 Bh3 21. Ng2 Bxg2 22. Bxg2 Re8 23. Rxe8 Qxe8 24. Re1 Qf8 25. c5 Nd5 26. Bxd5 cxd5 27. Qe3 Qc8 28. Qd3 Qc7 29. Qb5 Kf8 30. Re3 Rb8 31. Rf3 Kg7 32. Rc3 Qe7 33. Re3 Qc7 34. Qb6 Rc8 35. Qxc7 Rxc7 36. Re8 b6 37. b4 bxc5 38. bxc5 Rb7 39. Rd8 Rb4 40. Rxd5 Rc4 41. Kf1 Kf8 42. Ke2 Rxa4 43. Kd3 Ra1 44. Kc2 Ra4 45. Kc3 Ra1 46. Kb2 Ra4 47. c6 Rc4 48. Rd6 a4 49. d5 f5 50. Rd7 Ke8 51. f4 Rc5 52. Ka3 Rc4 53. Ra7 Rc5 54. Ra8+ Ke7 55. Kb4 Rc1 56. Ra7+ Ke8 57. Rxa4 f6 58. Kb5 Ke7 59. Ra7+ Kd8 60. Rxh7 g5 61. Kb6 g4 62. c7+ Kc8 63. Rh8+ Kd7 64. Rd8+ Ke7 65. c8=Q 1-0

[Event "25th Abu Dhabi Master 2018"]
[Site "Abu Dhabi"]
[Date "2018.08.11"]
[Round "5"]
[White "Tokhirjonova, Gulrukhbegim"]
[Black "Vantika Agrawal"]
[Result "1-0"]
[WhiteElo "2350"]
[BlackElo "2225"]
[Annotator "NA"]
[PlyCount "87"]
[EventDate "2018.08.05"]
[EventType "swiss"]
[EventCountry "UAE"]
[SourceTitle "playchess.com"]
[Source "ChessBase"]
[SourceQuality "1"]

1. e4 c5 2. Nf3 Nc6 3. Bb5 g6 4. c3 Nf6 5. Qe2 Bg7 6. d4 cxd4 7. cxd4 d5 8. e5 Ne4 9. O-O O-O 10. Rd1 f6 11. Nc3 Nxc3 12. bxc3 Bg4 13. Bxc6 bxc6 14. e6 Qa5 15. Bd2 Qb5 16. Qe3 f5 17. Qf4 Bxf3 18. Qxf3 f4 19. Bc1 Qa6 20. a4 Rf6 21. Re1 Re8 22. Ba3 Qc8 23. Bc5 Rxe6 24. Qxf4 Rf6 25. Qd2 Qd7 26. a5 Rf7 27. Rab1 e5 28. a6 Qc8 29. dxe5 Qxa6 30. Qd4 Rf5 31. Bd6 h5 32. h3 Re6 33. Ra1 Qc8 34. Rxa7 Qe8 35. Rea1 Rxd6 36. Rxg7+ Kxg7 37. exd6+ Kh6 38. Qd2+ Kg7 39. Ra7+ Rf7 40. Qd4+ Kg8 41. Rc7 Qd8 42. Qa7 Rf6 43. Rg7+ Kf8 44. Rh7 1-0

[Event "25th Abu Dhabi Master 2018"]
[Site "Abu Dhabi"]
[Date "2018.08.11"]
[Round "5"]
[White "Rathanvel, V S"]
[Black "Senthil Maran K"]
[Result "1/2-1/2"]
[WhiteElo "2348"]
[BlackElo "2167"]
[Annotator "NA"]
[PlyCount "55"]
[EventDate "2018.08.05"]
[EventType "swiss"]
[EventCountry "UAE"]
[SourceTitle "playchess.com"]
[Source "ChessBase"]
[SourceQuality "1"]

1. e4 e6 2. d4 d5 3. Nc3 h6 4. Nf3 Nf6 5. Bd3 dxe4 6. Nxe4 Nbd7 7. O-O Nxe4 8. Bxe4 Nf6 9. Bd3 Bd6 10. b3 O-O 11. c4 b6 12. Qe2 Bb7 13. Bb2 Qe7 14. Rad1 Rad8 15. Bb1 c5 16. Ne5 cxd4 17. Rxd4 Ba3 18. Bxa3 Qxa3 19. Qd2 Rxd4 20. Qxd4 Qc5 21. Qxc5 bxc5 22. Rd1 Rc8 23. f4 Kf8 24. Kf2 Ke7 25. f5 Rc7 26. Re1 exf5 27. Bxf5 Kd6 28. Ng4 1/2-1/2

[Event "25th Abu Dhabi Master 2018"]
[Site "Abu Dhabi"]
[Date "2018.08.11"]
[Round "5"]
[White "Aliyev, Ravan"]
[Black "Ajay Karthikeyan"]
[Result "1-0"]
[WhiteElo "2346"]
[BlackElo "2156"]
[Annotator "NA"]
[PlyCount "65"]
[EventDate "2018.08.05"]
[EventType "swiss"]
[EventCountry "UAE"]
[SourceTitle "playchess.com"]
[Source "ChessBase"]
[SourceQuality "1"]

1. d4 Nf6 2. c4 g6 3. g3 Bg7 4. Bg2 O-O 5. Nc3 d6 6. Nf3 Nc6 7. O-O a6 8. Bf4 Rb8 9. Rc1 Re8 10. Qd2 Bd7 11. Rfd1 b5 12. b3 bxc4 13. bxc4 Na5 14. Nd5 Nxd5 15. cxd5 c6 16. dxc6 Bxc6 17. Bh6 Bf6 18. Bg5 Bg7 19. Bh6 Bf6 20. Qc2 Rc8 21. e4 Qd7 22. Qd2 Qd8 23. Qf4 Bb5 24. e5 Rxc1 25. Rxc1 Bg7 26. Ng5 Rf8 27. Qh4 dxe5 28. Bxg7 Kxg7 29. Qxh7+ Kf6 30. dxe5+ Kf5 31. Nxf7 Qd4 32. Qh3+ Qg4 33. Nh6+ 1-0

[Event "25th Abu Dhabi Master 2018"]
[Site "Abu Dhabi"]
[Date "2018.08.11"]
[Round "5"]
[White "Padmini, Rout"]
[Black "Harsha Bharathakoti"]
[Result "1/2-1/2"]
[WhiteElo "2338"]
[BlackElo "2454"]
[Annotator "ChessBase"]
[PlyCount "58"]
[EventDate "2018.08.05"]
[EventType "swiss"]
[EventCountry "UAE"]
[SourceTitle "playchess.com"]
[Source "ChessBase"]
[SourceQuality "1"]

1. e4 e5 2. Nf3 Nc6 3. Bb5 a6 4. Ba4 d6 5. c3 Bd7 6. O-O g6 7. d4 Bg7 8. d5 Nce7 9. c4 h6 10. Nc3 f5 11. Ne1 Nf6 12. f3 O-O 13. Bxd7 Qxd7 14. Nd3 g5 15. Qe2 f4 16. g4 h5 17. h3 Ng6 18. Bd2 Kf7 19. Be1 Rh8 20. Kg2 Rh7 21. Bf2 Rah8 22. Rh1 Ne7 23. Rag1 Neg8 24. Be1 Bf8 25. Nf2 Be7 26. Qd3 c5 27. dxc6 bxc6 28. gxh5 Rxh5 29. Ng4 Nxg4 1/2-1/2

[Event "25th Abu Dhabi Master 2018"]
[Site "Abu Dhabi"]
[Date "2018.08.11"]
[Round "5"]
[White "Zuo, Yifan"]
[Black "Gajwa, Ankit"]
[Result "1/2-1/2"]
[WhiteElo "2334"]
[BlackElo "2223"]
[Annotator "NA"]
[PlyCount "42"]
[EventDate "2018.08.05"]
[EventType "swiss"]
[EventCountry "UAE"]
[SourceTitle "playchess.com"]
[Source "ChessBase"]
[SourceQuality "1"]

1. d4 d5 2. c4 c6 3. Nf3 Nf6 4. Nc3 dxc4 5. a4 Bf5 6. e3 e6 7. Bxc4 Bb4 8. O-O Nbd7 9. Nh4 Bg4 10. f3 Bh5 11. g4 Bg6 12. e4 O-O 13. Nxg6 hxg6 14. Be3 c5 15. e5 Nb6 16. Bb3 Nfd5 17. Nxd5 Nxd5 18. Bf2 Nf4 19. Be3 Nd5 20. Bf2 Nf4 21. Be3 Nd5 1/2-1/2

[Event "25th Abu Dhabi Master 2018"]
[Site "Abu Dhabi"]
[Date "2018.08.11"]
[Round "5"]
[White "Koustav Chatterjee"]
[Black "Priyanka, K."]
[Result "1/2-1/2"]
[WhiteElo "2325"]
[BlackElo "2106"]
[Annotator "NA"]
[PlyCount "137"]
[EventDate "2018.08.05"]
[EventType "swiss"]
[EventCountry "UAE"]
[SourceTitle "playchess.com"]
[Source "ChessBase"]
[SourceQuality "1"]

1. Nf3 Nf6 2. b3 e6 3. Bb2 d5 4. g3 b6 5. Bg2 Bb7 6. O-O Be7 7. c4 dxc4 8. bxc4 O-O 9. d3 c5 10. Nbd2 Nc6 11. a3 Qc7 12. Qc2 Rfd8 13. Nb3 Rac8 14. Rad1 Nd7 15. Nbd2 Bf6 16. Ne4 Bxb2 17. Qxb2 Nce5 18. Nfd2 Ng4 19. a4 Ngf6 20. Ra1 Nxe4 21. Nxe4 Rb8 22. a5 Bc6 23. axb6 axb6 24. Ra6 Ra8 25. Rfa1 Rxa6 26. Rxa6 Rb8 27. Qa1 Kf8 28. f4 f6 29. h4 Ke7 30. h5 h6 31. e3 Qb7 32. Nxc5 Nxc5 33. Ra7 Bxg2 34. e4 Bh3 35. d4 Nd7 36. Qa3+ Kf7 37. Rxb7 Rxb7 38. Qf3 Rc7 39. Kh2 Rxc4 40. Kxh3 Rxd4 41. Qe3 e5 42. Qb3+ Kf8 43. Qe6 Nc5 44. Qxb6 Nxe4 45. Kg4 Nd6 46. Qb8+ Kf7 47. Kf3 Rd3+ 48. Ke2 Rd4 49. Ke3 Nf5+ 50. Kf3 Nd6 51. Qb3+ Kf8 52. Qe6 Ne8 53. Ke3 Rd6 54. Qf5 exf4+ 55. gxf4 Ke7 56. Qc5 Kf7 57. Qa7+ Kf8 58. Ke4 f5+ 59. Kxf5 Rf6+ 60. Ke5 Nd6 61. Qa3 Kf7 62. Qb3+ Kf8 63. Qg3 Kf7 64. Qh4 Nc4+ 65. Kd5 Nd6 66. Qg4 Ne8 67. Qd7+ Kf8 68. Ke5 Rd6 69. Ke4 1/2-1/2

[Event "25th Abu Dhabi Master 2018"]
[Site "Abu Dhabi"]
[Date "2018.08.11"]
[Round "5"]
[White "Aronyak, Ghosh"]
[Black "Laxman, R.R."]
[Result "1/2-1/2"]
[WhiteElo "2318"]
[BlackElo "2449"]
[Annotator "TA"]
[PlyCount "103"]
[EventDate "2018.08.05"]
[EventType "swiss"]
[EventCountry "UAE"]
[SourceTitle "playchess.com"]
[Source "ChessBase"]
[SourceQuality "1"]

1. c4 e5 2. Nc3 Bb4 3. Nd5 a5 4. a3 Bc5 5. Nf3 c6 6. Nc3 d6 7. d4 exd4 8. Nxd4 Ne7 9. Bf4 d5 10. e3 O-O 11. cxd5 Nxd5 12. Nxd5 Qxd5 13. Nb3 Bb6 14. Qxd5 cxd5 15. Bb5 a4 16. Bxa4 Rxa4 17. Bxb8 d4 18. Bf4 Re8 19. O-O dxe3 20. Bxe3 Bxe3 21. Rfe1 Bxf2+ 22. Kxf2 Rf4+ 23. Kg3 Rg4+ 24. Kf2 Kf8 25. Rxe8+ Kxe8 26. Re1+ Kd8 27. g3 Rc4 28. Rc1 Re4 29. Rc3 Bg4 30. Rd3+ Kc7 31. Re3 Re6 32. Rxe6 Bxe6 33. Nc5 Bd5 34. Ke3 Kd6 35. Kd4 f5 36. h4 g6 37. Na4 h6 38. Nc3 Bb3 39. Ne2 g5 40. hxg5 hxg5 41. Ng1 Ke6 42. Nh3 Kf6 43. Nf2 Bc2 44. Kc3 Bb1 45. Kd4 f4 46. gxf4 gxf4 47. Nh3 Kf5 48. Nxf4 Kxf4 49. Kc5 Ke3 50. Kb6 Be4 51. a4 Kd4 52. a5 1/2-1/2

[Event "25th Abu Dhabi Master 2018"]
[Site "Abu Dhabi"]
[Date "2018.08.11"]
[Round "5"]
[White "Sammed Jaykumar, Shete"]
[Black "Raja Rithvik R"]
[Result "1/2-1/2"]
[WhiteElo "2314"]
[BlackElo "2436"]
[Annotator "NA"]
[PlyCount "77"]
[EventDate "2018.08.05"]
[EventType "swiss"]
[EventCountry "UAE"]
[SourceTitle "playchess.com"]
[Source "ChessBase"]
[SourceQuality "1"]

1. e4 c5 2. Nf3 d6 3. Bb5+ Nd7 4. O-O Ngf6 5. Re1 a6 6. Bd3 b6 7. c3 Ne5 8. Nxe5 dxe5 9. Bf1 e6 10. d3 Bb7 11. Be3 Be7 12. Nd2 O-O 13. a4 Nd7 14. Qb3 Rb8 15. Nc4 Qc7 16. Rac1 b5 17. axb5 axb5 18. Nd2 Bc6 19. Qc2 Rfc8 20. f3 h6 21. Nb3 Ra8 22. Ra1 Bb7 23. Qf2 Rxa1 24. Rxa1 Ra8 25. Qe1 Qd8 26. Rxa8 Qxa8 27. Qa1 Qxa1 28. Nxa1 Kf8 29. Kf2 Bg5 30. b4 Be7 31. Nc2 cxb4 32. cxb4 Nb8 33. d4 exd4 34. Bxd4 Na6 35. Bxb5 Nxb4 36. Nxb4 Bxb4 37. Ke3 Ba3 38. Kd3 Bd6 39. g3 1/2-1/2

[Event "25th Abu Dhabi Master 2018"]
[Site "Abu Dhabi"]
[Date "2018.08.11"]
[Round "5"]
[White "Karthik Kumar Pradeep"]
[Black "Samant Aditya S"]
[Result "0-1"]
[WhiteElo "2295"]
[BlackElo "2217"]
[Annotator "NA"]
[PlyCount "116"]
[EventDate "2018.08.05"]
[EventType "swiss"]
[EventCountry "UAE"]
[SourceTitle "playchess.com"]
[Source "ChessBase"]
[SourceQuality "1"]

1. e4 c5 2. Nf3 d6 3. c3 Nf6 4. g3 e6 5. Bg2 Nc6 6. d3 Be7 7. O-O O-O 8. Re1 e5 9. h3 Qc7 10. d4 b6 11. d5 Nb8 12. c4 Ne8 13. Nc3 g6 14. Bh6 Ng7 15. Rf1 Nd7 16. Ne1 f5 17. Nd3 Bf6 18. a3 a6 19. a4 Bb7 20. Qd2 Rae8 21. Rae1 Qd8 22. f4 Rf7 23. g4 exf4 24. Nxf4 Bd4+ 25. Kh1 fxg4 26. Bxg7 Bxg7 27. Ne6 Rxf1+ 28. Rxf1 Qh4 29. Qf4 Ne5 30. Nd1 Bh6 31. Qf6 Qxf6 32. Rxf6 gxh3 33. Bxh3 Nxc4 34. Nc7 Re7 35. Ne6 Bg7 36. Rf2 Bc8 37. b3 Ne5 38. Ne3 Rf7 39. Rxf7 Nxf7 40. Nc4 b5 41. Nb6 Bxe6 42. dxe6 Ng5 43. axb5 axb5 44. Bf1 Nxe6 45. Bxb5 Kf8 46. Bc4 Nf4 47. Nd5 Nxd5 48. Bxd5 h5 49. Kg2 g5 50. Be6 Be5 51. Kf2 g4 52. Kg2 Kg7 53. Bd7 Kf6 54. Kf2 Kg5 55. Be8 h4 56. Kg2 h3+ 57. Kh1 g3 58. Bd7 g2+ 0-1

[Event "25th Abu Dhabi Master 2018"]
[Site "Abu Dhabi"]
[Date "2018.08.11"]
[Round "5"]
[White "Daneshvar, Bardiya"]
[Black "Ikeda, Junta"]
[Result "0-1"]
[WhiteElo "2290"]
[BlackElo "2419"]
[Annotator "NA"]
[PlyCount "60"]
[EventDate "2018.08.05"]
[EventType "swiss"]
[EventCountry "UAE"]
[SourceTitle "playchess.com"]
[Source "ChessBase"]
[SourceQuality "1"]

1. d4 f5 2. Nf3 Nf6 3. g3 g6 4. Bg2 Bg7 5. O-O O-O 6. c4 d6 7. Nc3 Qe8 8. Re1 Qf7 9. d5 Ne4 10. Nb5 Na6 11. Nbd4 h6 12. e3 Bd7 13. Nd2 c6 14. dxc6 bxc6 15. Qc2 e5 16. N4b3 d5 17. f3 Nb4 18. Qb1 dxc4 19. fxe4 cxb3 20. axb3 f4 21. Rf1 Bg4 22. Ra4 Qe7 23. exf4 exf4 24. Rxf4 Rxf4 25. gxf4 Bd4+ 26. Kh1 Qh4 27. Rxb4 Qe1+ 28. Nf1 Bf3 29. Qd3 Qf2 30. Qc4+ Kf8 0-1

[Event "25th Abu Dhabi Master 2018"]
[Site "Abu Dhabi"]
[Date "2018.08.11"]
[Round "5"]
[White "Sharma, Dinesh K."]
[Black "Rakesh Kumar Jena"]
[Result "1/2-1/2"]
[WhiteElo "2275"]
[BlackElo "2385"]
[Annotator "NA"]
[PlyCount "143"]
[EventDate "2018.08.05"]
[EventType "swiss"]
[EventCountry "UAE"]
[SourceTitle "playchess.com"]
[Source "ChessBase"]
[SourceQuality "1"]

1. e4 d6 2. d4 Nf6 3. Nc3 g6 4. Bg5 Bg7 5. Qd2 h6 6. Bh4 a6 7. f4 b5 8. e5 dxe5 9. fxe5 Nd5 10. Ne4 Bf5 11. Bd3 Nc6 12. c3 Na5 13. b3 b4 14. c4 Nc3 15. Qe3 Bxe4 16. Bxe4 Rc8 17. Nf3 g5 18. Bg3 g4 19. Nd2 O-O 20. Bf5 Nc6 21. Bf2 e6 22. Bxg4 f5 23. exf6 Rxf6 24. Bxe6+ Kh8 25. O-O Nxd4 26. Bxc8 Nc2 27. Qh3 Qxd2 28. Bh4 Rf4 29. Bg3 Rxf1+ 30. Rxf1 Qe2 31. Bf2 Ne4 32. Qf3 Qxf1+ 33. Kxf1 Nd2+ 34. Ke2 Nxf3 35. Kxf3 a5 36. Ke4 Na3 37. Bg3 c5 38. Bf2 Nb1 39. Bxc5 Nc3+ 40. Kd3 Nxa2 41. Kc2 Nc3 42. Bb6 a4 43. bxa4 Nxa4 44. Be3 Bf8 45. Kb3 Nc3 46. Bf5 Kg7 47. Bd3 Kf6 48. Bf4 Nd1 49. h3 Ke6 50. Bc2 Nc3 51. Bd3 Nd1 52. Be2 Nc3 53. Bf3 Kf5 54. Bc7 Nb1 55. g4+ Kg5 56. Bd5 Kh4 57. Be6 Nd2+ 58. Kc2 Ne4 59. Bb6 Nc5 60. Bf5 Be7 61. Ba5 Nb7 62. Bc7 Nc5 63. Bf4 h5 64. gxh5 Kxh5 65. Bd2 Nb7 66. Bc8 Na5 67. Kd3 Nc6 68. Be6 b3 69. Bg4+ Kh4 70. Kc3 Bb4+ 71. Kxb3 Bxd2 72. c5 1/2-1/2

[Event "25th Abu Dhabi Master 2018"]
[Site "Abu Dhabi"]
[Date "2018.08.11"]
[Round "5"]
[White "Jubin Jimmy"]
[Black "Samhouri, A."]
[Result "1/2-1/2"]
[WhiteElo "2267"]
[BlackElo "2348"]
[Annotator "NA"]
[PlyCount "75"]
[EventDate "2018.08.05"]
[EventType "swiss"]
[EventCountry "UAE"]
[SourceTitle "playchess.com"]
[Source "ChessBase"]
[SourceQuality "1"]

1. d4 d5 2. c4 c6 3. Nf3 Nf6 4. Nc3 e6 5. Bg5 dxc4 6. e4 b5 7. e5 h6 8. Bh4 g5 9. Nxg5 hxg5 10. Bxg5 Nbd7 11. g3 Bb7 12. Bg2 Qb6 13. exf6 c5 14. d5 b4 15. Na4 Qb5 16. O-O O-O-O 17. a3 exd5 18. axb4 cxb4 19. Qg4 Bd6 20. Rfd1 Kc7 21. Qf5 Ne5 22. Be3 d4 23. Nc3 dxc3 24. Rxa7 Rb8 25. bxc3 b3 26. h4 Rhe8 27. h5 Bc5 28. Rd5 Bxa7 29. Rxb5 Bc8 30. Rxb8 Bxf5 31. Rb7+ Kd6 32. Bxa7 Nd3 33. Rb6+ Kc7 34. Rb7+ Kd6 35. Rb6+ Kc7 36. Rb7+ Kd6 37. Bb8+ Kc5 38. Ba7+ 1/2-1/2

[Event "25th Abu Dhabi Master 2018"]
[Site "Abu Dhabi"]
[Date "2018.08.11"]
[Round "5"]
[White "Pranav Anand"]
[Black "Kulkarni, Chinmay"]
[Result "1-0"]
[WhiteElo "2260"]
[BlackElo "2355"]
[Annotator "NA"]
[PlyCount "89"]
[EventDate "2018.08.05"]
[EventType "swiss"]
[EventCountry "UAE"]
[SourceTitle "playchess.com"]
[Source "ChessBase"]
[SourceQuality "1"]

1. d4 d5 2. c4 c6 3. Nf3 Nf6 4. e3 g6 5. Nc3 Bg7 6. Be2 O-O 7. O-O Bg4 8. cxd5 cxd5 9. h3 Bc8 10. Bd2 Nc6 11. Qb3 Ne4 12. Rfd1 Rb8 13. Rac1 Nxd2 14. Nxd2 Be6 15. Na4 Na5 16. Qa3 b6 17. Nc3 Qd7 18. Bb5 Qb7 19. b4 Nc4 20. Nxc4 dxc4 21. d5 Bf5 22. Bxc4 Qd7 23. Bb5 Qd6 24. Qa4 a5 25. a3 axb4 26. axb4 Ra8 27. Qb3 Qf6 28. Bc6 Rad8 29. Qc4 Bh6 30. Qd4 Qg5 31. Kf1 e5 32. Qxb6 Qh4 33. Qc5 e4 34. Ke2 Bg7 35. d6 h5 36. b5 Kh8 37. Rd2 Qg5 38. Nxe4 Qh4 39. Ng3 Be6 40. Kf1 Bf6 41. Ne4 Bg7 42. Qg5 Qxg5 43. Nxg5 Bf5 44. e4 Bc8 45. d7 1-0

[Event "25th Abu Dhabi Master 2018"]
[Site "Abu Dhabi"]
[Date "2018.08.11"]
[Round "5"]
[White "Srija, Seshadri"]
[Black "Saravana, Krishnan P."]
[Result "0-1"]
[WhiteElo "2255"]
[BlackElo "2348"]
[Annotator "NA"]
[PlyCount "114"]
[EventDate "2018.08.05"]
[EventType "swiss"]
[EventCountry "UAE"]
[SourceTitle "playchess.com"]
[Source "ChessBase"]
[SourceQuality "1"]

1. e4 c6 2. d4 d5 3. e5 Bf5 4. Nf3 e6 5. Be2 Nd7 6. O-O h6 7. Nbd2 Ne7 8. Nb3 g5 9. a4 Qc7 10. Ne1 c5 11. dxc5 Bg7 12. Nd3 Bxd3 13. cxd3 Bxe5 14. f4 Bxf4 15. Bxf4 gxf4 16. d4 Nf5 17. Qd2 Ne3 18. Rf2 Ke7 19. Rc1 a5 20. c6 bxc6 21. Bb5 Nb8 22. Nc5 Qd6 23. Be2 Rg8 24. Nd3 Nd7 25. Nxf4 Nf5 26. Nh5 Qb4 27. Qxb4+ axb4 28. Rxc6 Nxd4 29. Rc7 Nxe2+ 30. Rxe2 Rgc8 31. Rb7 Rxa4 32. Nf4 Rc1+ 33. Kf2 Rd1 34. b3 Ra3 35. Rxb4 Nc5 36. Rb5 Ne4+ 37. Kf3 Rf1+ 38. Ke3 Nd6 39. Nxd5+ exd5 40. Rxd5 Rxb3+ 41. Kd2+ Kd7 42. Kc2 Rbb1 43. Red2 Rfc1+ 44. Kd3 Rd1 45. Rh5 Rxd2+ 46. Kxd2 Rb2+ 47. Kd3 Rxg2 48. Rxh6 Rg6 49. Rh8 Ke6 50. Ke3 Nf5+ 51. Kf4 Rh6 52. Re8+ Kf6 53. Ra8 Rh4+ 54. Kf3 Rxh2 55. Ra7 Rb2 56. Kf4 Rb4+ 57. Kf3 Ke5 0-1

[Event "25th Abu Dhabi Master 2018"]
[Site "Abu Dhabi"]
[Date "2018.08.11"]
[Round "5"]
[White "Pranav, V."]
[Black "Isha Sharma"]
[Result "1-0"]
[WhiteElo "2227"]
[BlackElo "2145"]
[Annotator "NA"]
[PlyCount "217"]
[EventDate "2018.08.05"]
[EventType "swiss"]
[EventCountry "UAE"]
[SourceTitle "playchess.com"]
[Source "ChessBase"]
[SourceQuality "1"]

1. Nf3 Nf6 2. g3 g6 3. Bg2 Bg7 4. O-O O-O 5. d3 d6 6. e4 e5 7. c3 Nc6 8. h3 a5 9. Nbd2 Re8 10. Re1 h6 11. d4 Nh7 12. Nf1 Qf6 13. Ne3 Ne7 14. d5 g5 15. Nh2 Qg6 16. g4 Qf6 17. Nhf1 Ng6 18. Nf5 Bxf5 19. exf5 Nf4 20. Ng3 Qd8 21. Ne4 Nf6 22. Nxf6+ Bxf6 23. Kh2 Qd7 24. Be4 Kg7 25. Be3 Rh8 26. Rg1 Qb5 27. b3 Qe2 28. Bf3 Qa6 29. a4 Rae8 30. Qc2 b6 31. c4 Ra8 32. Qe4 Qc8 33. Rae1 Qd7 34. Rg3 Rh7 35. Rh1 Rah8 36. Kg1 Kg8 37. Kf1 Rg7 38. Rgg1 Rgh7 39. Ke1 Kg7 40. Kd2 Kg8 41. Kc2 Kg7 42. Kb1 Kg8 43. Ka2 Kf8 44. Bd2 Kg8 45. Be3 Kf8 46. Bc1 Kg8 47. Be3 Kf8 48. Bd1 Kg8 49. Bd2 Kg7 50. Rg3 Ra8 51. Rgg1 Rah8 52. Bc3 Re8 53. h4 Reh8 54. h5 Ra8 55. Bf3 Rhh8 56. Qe3 Rhb8 57. Be4 Ra7 58. Ra1 Raa8 59. Kb2 Ra6 60. Kc2 Rba8 61. Kd2 R6a7 62. Rhb1 Qe8 63. Ke1 Qd7 64. Kf1 Qe8 65. Kg1 Qd7 66. Kh2 Qe8 67. Ra2 Qd7 68. Rba1 Qe8 69. Qe1 Qd7 70. Qd1 Qc8 71. Qf3 Qd7 72. Rd1 Qe8 73. Raa1 Ra6 74. Re1 R6a7 75. Bc2 Qd7 76. Be4 Qe8 77. Qd1 Qd7 78. Qc2 Qe8 79. Ra3 Qd7 80. Rea1 Qe8 81. b4 axb4 82. Bxb4 Rb8 83. Bc3 Qc8 84. R1a2 Qa6 85. Qb3 Qc8 86. Qb5 Qe8 87. Kg3 Kf8 88. Kf3 Ke7 89. Qb3 Rab7 90. Bd2 Kd8 91. Be3 Kc8 92. Qc3 Qd7 93. Rb3 Kd8 94. a5 bxa5 95. Rxb7 Rxb7 96. Rxa5 Qc8 97. Qa3 Ke8 98. c5 Qd8 99. cxd6 cxd6 100. Ra6 Be7 101. f6 Bxf6 102. Rxd6 Rd7 103. Bb6 Rxd6 104. Bxd8 Rxd8 105. Qa6 Ke7 106. Qa3+ Rd6 107. Qc5 Bg7 108. Qc7+ Rd7 109. d6+ 1-0

[Event "25th Abu Dhabi Master 2018"]
[Site "Abu Dhabi"]
[Date "2018.08.11"]
[Round "5"]
[White "Parnali, S Dharia"]
[Black "Hakobyan, Eduard"]
[Result "1/2-1/2"]
[WhiteElo "2218"]
[BlackElo "2134"]
[Annotator "NA"]
[PlyCount "30"]
[EventDate "2018.08.05"]
[EventType "swiss"]
[EventCountry "UAE"]
[SourceTitle "playchess.com"]
[Source "ChessBase"]
[SourceQuality "1"]

1. d4 Nf6 2. Nf3 e6 3. c4 c5 4. d5 d6 5. Nc3 exd5 6. cxd5 g6 7. e4 a6 8. a4 Bg4 9. Be2 Bxf3 10. Bxf3 Bg7 11. O-O O-O 12. Bf4 Qe7 13. Qb3 Nbd7 14. Qxb7 Rfb8 15. Qc6 Ne8 1/2-1/2

[Event "25th Abu Dhabi Master 2018"]
[Site "Abu Dhabi"]
[Date "2018.08.11"]
[Round "5"]
[White "Varshini, V."]
[Black "Byron, Alan M"]
[Result "1/2-1/2"]
[WhiteElo "2205"]
[BlackElo "2132"]
[Annotator "NA"]
[PlyCount "148"]
[EventDate "2018.08.05"]
[EventType "swiss"]
[EventCountry "UAE"]
[SourceTitle "playchess.com"]
[Source "ChessBase"]
[SourceQuality "1"]

1. e4 e5 2. Nf3 Nc6 3. Bb5 a6 4. Ba4 Nf6 5. Qe2 Be7 6. O-O b5 7. Bb3 O-O 8. c3 d5 9. d3 Be6 10. Rd1 Re8 11. Nbd2 h6 12. Nf1 Bd6 13. Ng3 Qc8 14. Bc2 dxe4 15. dxe4 Bc4 16. Qe1 Bf8 17. Nf5 Kh7 18. Ne3 Be6 19. Nd5 Ng8 20. a4 Qb7 21. Nd2 Nce7 22. Nb3 Ng6 23. Be3 Bd6 24. Qe2 N8e7 25. Na5 Qb8 26. b4 Kh8 27. Qh5 c6 28. Nxe7 Nxe7 29. Rd3 Bc4 30. Rd2 Be6 31. Bg5 Ng6 32. Rad1 Bf8 33. Rd8 Qc7 34. Rxa8 Rxa8 35. h3 c5 36. axb5 axb5 37. Bb3 Bxb3 38. Nxb3 cxb4 39. cxb4 Bxb4 40. h4 Qc2 41. Nd2 Kg8 42. Be3 Bxd2 43. Rxd2 Qxe4 44. g3 Ra1+ 45. Rd1 Qa4 46. Rxa1 Qxa1+ 47. Kh2 Qc3 48. Qg4 Qc4 49. Qd7 Nf8 50. Qe8 Qd5 51. Qc8 f6 52. Bc5 Qf7 53. Qb8 g5 54. hxg5 hxg5 55. Bxf8 Qxf8 56. Qxb5 Qe7 57. Qd5+ Kg7 58. Qe4 Qd7 59. Kg2 Qd4 60. Qb7+ Kg6 61. Qc6 Qd8 62. Qe4+ Kf7 63. Qf5 Qd5+ 64. Kg1 Ke7 65. Qh7+ Kd6 66. Qh8 Qe6 67. Qd8+ Kc5 68. Qd2 Qc4 69. Qa5+ Qb5 70. Qd8 Qb1+ 71. Kh2 Qf5 72. Kg1 Qb1+ 73. Kh2 Qh7+ 74. Kg1 Qb1+ 1/2-1/2

[Event "25th Abu Dhabi Master 2018"]
[Site "Abu Dhabi"]
[Date "2018.08.11"]
[Round "5"]
[White "Rakshitta Ravi"]
[Black "Salonika, Saina"]
[Result "0-1"]
[WhiteElo "2198"]
[BlackElo "2069"]
[Annotator "NA"]
[PlyCount "62"]
[EventDate "2018.08.05"]
[EventType "swiss"]
[EventCountry "UAE"]
[SourceTitle "playchess.com"]
[Source "ChessBase"]
[SourceQuality "1"]

1. e4 c5 2. Nc3 d6 3. f4 g6 4. Nf3 Bg7 5. Bc4 Nc6 6. O-O e6 7. d4 Nxd4 8. Be3 Qb6 9. e5 Nxf3+ 10. Qxf3 d5 11. Bb5+ Kf8 12. Nxd5 exd5 13. Qxd5 Be6 14. Bxc5+ Ne7 15. Bxb6 Nxd5 16. Bc5+ Kg8 17. Rad1 Bf8 18. Bxf8 Kxf8 19. Rd4 Ne3 20. Rc1 Ke7 21. Rd3 Nd5 22. g3 Rhd8 23. c4 Nb6 24. Rd6 Rac8 25. c5 Nd5 26. a3 a5 27. Kf2 Rc7 28. Rc4 Ra8 29. Kf3 a4 30. Ke4 Ra5 31. Bxa4 Nb6 0-1

[Event "25th Abu Dhabi Master 2018"]
[Site "Abu Dhabi"]
[Date "2018.08.11"]
[Round "5"]
[White "Bhambure, Shantanu"]
[Black "Eric, Jovana"]
[Result "1-0"]
[WhiteElo "2194"]
[BlackElo "2307"]
[Annotator "NA"]
[PlyCount "75"]
[EventDate "2018.08.05"]
[EventType "swiss"]
[EventCountry "UAE"]
[SourceTitle "playchess.com"]
[Source "ChessBase"]
[SourceQuality "1"]

1. d4 g6 2. c4 f5 3. Nf3 Nf6 4. g3 Bg7 5. Bg2 d6 6. b3 O-O 7. Bb2 c6 8. O-O Qa5 9. Qc2 Na6 10. Nbd2 Re8 11. a3 e5 12. b4 Qc7 13. dxe5 dxe5 14. e4 f4 15. c5 fxg3 16. hxg3 Ng4 17. Nc4 Rf8 18. Rad1 Qe7 19. Qc1 Nc7 20. Qa1 Re8 21. Nd6 Rf8 22. Nxc8 Raxc8 23. Bh3 h5 24. Bxg4 hxg4 25. Nxe5 Bxe5 26. Bxe5 Rfe8 27. Bd6 Qf7 28. Qd4 Ne6 29. Qe3 Qf6 30. f4 gxf3 31. Rxf3 Qg5 32. Qb3 Qg4 33. Rf4 Qg5 34. Rdf1 Kh7 35. Rh4+ Kg8 36. Rf8+ Rxf8 37. Qxe6+ Kg7 38. Be5+ 1-0

[Event "25th Abu Dhabi Master 2018"]
[Site "Abu Dhabi"]
[Date "2018.08.11"]
[Round "5"]
[White "Mendonca, Leon Luke"]
[Black "Hejazipour, Mitra"]
[Result "1/2-1/2"]
[WhiteElo "2168"]
[BlackElo "2285"]
[Annotator "NA"]
[PlyCount "92"]
[EventDate "2018.08.05"]
[EventType "swiss"]
[EventCountry "UAE"]
[SourceTitle "playchess.com"]
[Source "ChessBase"]
[SourceQuality "1"]

1. d4 d5 2. c4 e6 3. Nf3 Nf6 4. g3 Bb4+ 5. Bd2 Bd6 6. Bg2 c6 7. Qc2 O-O 8. O-O Nbd7 9. a4 a5 10. Rc1 Qe7 11. Nc3 dxc4 12. Bg5 h6 13. Bxf6 Nxf6 14. Nd2 e5 15. d5 cxd5 16. Nxd5 Nxd5 17. Bxd5 Bb4 18. Nxc4 Be6 19. Qe4 Bxd5 20. Qxd5 e4 21. Qb5 Qe6 22. Rd1 Rac8 23. b3 Rc7 24. Rd5 Rfc8 25. Rad1 Kh7 26. Re5 Qg4 27. Ne3 Qg6 28. Qd5 Rc5 29. Qxe4 Rxe5 30. Qxe5 Rc3 31. Rd7 Rxb3 32. Qd5 Rb2 33. Rxf7 Rxe2 34. Nf5 Bc3 35. Qxb7 Bf6 36. Ne3 Bd4 37. Qf3 Re1+ 38. Kg2 Bxe3 39. fxe3 Rxe3 40. Rxg7+ Kxg7 41. Qxe3 Qc2+ 42. Kh3 Qxa4 43. Qe7+ Kg6 44. Qe6+ Kg7 45. Qe7+ Kg6 46. Qe6+ Kg7 1/2-1/2